Science Quiz

Random Science or Geology Quiz

Rock Cooling Rate Quiz Stats

 Plays Quiz not verified by Sporcle

Also try: Divisible by 7?
Challenge
Share
Tweet
Embed
Score 0/10 Timer 10:00
0 Plays Today
Hint Answer % Correct
Dioriteslow
100%
Gabbroslow
87.5%
Volcanic Tufffast
87.5%
Volcanic Brecciafast
75%
Pumicevery fast
75%
Obsidianvery fast
75%
Rhyolitefast or slow, fast
62.5%
Basaltfast or slow, fast
62.5%
Granitevery slow or very slow, slow
50%
Andesiteslow, fast
50%

You're not logged in!

Compare scores with friends on all Sporcle quizzes.
Join for Free
OR
Log In

You Might Also Like...

Show Comments

Extras

Created Apr 3, 2014ReportFavoriteNominate
Tags:Geology Quiz

Top Quizzes Today


Score Distribution

Your Account Isn't Verified!

In order to create a playlist on Sporcle, you need to verify the email address you used during registration. Go to your Sporcle Settings to finish the process.

Report this User

Report this user for behavior that violates our Community Guidelines.

Details: